000 00866 a2200205 4500
010 _aENG-89788
020 _a8189233556
_c650.00
035 _aEN-73321
037 _bDBAD / PUB
082 1 4 _a307.772
090 _c11688
_d11688
100 1 _aShikhu, Inato Yekheto
245 1 _aA re-discovery and re-building of Naga cultural values:
_ban analytical approach with special reference to Maori as a colonised and minority group of people in New Zealand/
_cby Inato Yekheto Shikhu
260 _aNew Delhi
_bRegency Publications,
_c2007
270 _a20/36-G, West Patel Nagar
_bNew Delhi
_e110 008
_k42484101, 25884571
300 _axiv, 255p.
_c23 cm (pbk)
500 _aIncludes glossary & bibliographical references
942 _adpl
_cEN
_k307.772 / SHI
999 _c11368
_d11368